000 01151nab a22002417a 4500
007 ta
008 230112e20240324xxk||||o |||| 00| 0 eng d
041 _aeng
100 _aLemen, Jen
110 _94900
_aRoyal Institution of Chartered Surveyors
245 _aAn A–Z of the Landlord and Tenant Act 1954 for APC
_c[electronic resource]
260 _bRoyal Institution of Chartered Surveyors,
_c15 March 2024
490 _aRICS Property Journal,
_v15 March 2024
520 _aTo achieve the Landlord and tenant competency, APC candidates need to ensure that they properly understand the relevant legislation and its implications for dealing with both parties, particularly in relation to lease renewals. This article focuses on the application of this competency to commercial property assets.
650 _aAPC
650 _aCOMMERCIAL PROPERTY
650 _aLANDLORD AND TENANT
650 _aLANDLORD AND TENANT 1954
651 _aInternational
690 _aLandlord and tenant
_96252
700 _aLemen, Jen
856 _uhttps://ww3.rics.org/uk/en/journals/property-journal/landlord-tenant-act-apc.html
_zAvailable from RICS journals
999 _c121852
_d121852